书目信息 |
| 题名: |
清洁生产论文集 第一辑
|
|
| 作者: | 段宁 , 尹荣楼 主编 | |
| 分册: | ||
| 出版信息: | 北京 中国环境科学院出版社 1995.03 |
|
| 页数: | 175页 | |
| 开本: | 32开 | |
| 丛书名: | ||
| 单 册: | ||
| 中图分类: | X96-53 | |
| 科图分类: | ||
| 主题词: | 劳动卫生--卫生工程 | |
| 电子资源: | ||
| ISBN: | 7-80093-727-5 | |
| 000 | 00630nam0 2200205 45 | |
| 001 | 0011251788 | |
| 005 | 20001125171659.7 | |
| 010 | @a7-80093-727-5@d7.50元 | |
| 100 | @a20001125d1995 km y0chiy0120 ea | |
| 101 | 0 | @achi |
| 105 | @a z 000yy | |
| 200 | 1 | @a清洁生产论文集 第一辑@AQing Jie Sheng Chan Lun Wen Ji Di Yi Ji@f段宁,尹荣楼主编@FDuan Ning,Yin Rong Lou Zhu Bian |
| 210 | @a北京@c中国环境科学院出版社@d1995.03 | |
| 215 | @a175页@d32开 | |
| 606 | 0 | @a劳动卫生@x卫生工程 |
| 690 | @aX96-53@v3 | |
| 701 | 0 | @a段宁@4主编 |
| 701 | 0 | @a尹荣楼@4主编 |
| 801 | @aCN@bPftUser@c20001125 | |
| 905 | @b504823-827@dX96-53@eD.533:1@f5 | |
| 清洁生产论文集 第一辑/段宁,尹荣楼主编.-北京:中国环境科学院出版社,1995.03 |
| 175页;32开 |
| ISBN 7-80093-727-5:7.50元 |
| ● |
| 相关链接 |
|
|
|
正题名:清洁生产论文集第一辑
索取号:X96-53/D.533:1
 
预约/预借
| 序号 | 登录号 | 条形码 | 馆藏地/架位号 | 状态 | 备注 |
| 1 | 504823 | 205048232 | 自科二线504/504自科库 44排6列2层/ [索取号:X96-53/D.533:1] | 在馆 | |
| 2 | 504824 | 205048241 | 自科二线504/504自科库 44排6列2层/ [索取号:X96-53/D.533:1] | 在馆 | |
| 3 | 504825 | 205048250 | 自科二线504/504自科库 44排6列2层/ [索取号:X96-53/D.533:1] | 在馆 | |
| 4 | 504826 | 205048269 | 自科二线504/504自科库 44排6列2层/ [索取号:X96-53/D.533:1] | 在馆 | |
| 5 | 504827 | 205048278 | 自科二线504/504自科库 27排2列1层/ [索取号:X96-53/D.533:1] | 在馆 |